A hitelből fedezett egyetemi évekért kamatostul fizetnek Felnőtt élet, diákadóssággal
Elmentve itt :
| Dokumentumtípus: | Cikk |
|---|---|
| Megjelent: |
2008-03-28
|
| Sorozat: | Délmagyarország
98 No. 73 |
| Kulcsszavak: | Diákhitel |
| Online Access: | http://dmarchiv.bibl.u-szeged.hu/127773 |
| LEADER | 00463nab a2200145 i 4500 | ||
|---|---|---|---|
| 001 | delm127773 | ||
| 005 | 20200116102417.0 | ||
| 008 | 200116s2008 hu o 0|| hun d | ||
| 040 | |a SZTE Délmagyarország Archívum |b hun | ||
| 041 | |a hun | ||
| 245 | 0 | 2 | |a A hitelből fedezett egyetemi évekért kamatostul fizetnek |h [elektronikus dokumentum] : |b Felnőtt élet, diákadóssággal |
| 260 | |c 2008-03-28 | ||
| 300 | |a 6 | ||
| 490 | 0 | |a Délmagyarország |v 98 No. 73 | |
| 695 | |a Diákhitel | ||